Name a Valid Country - Easy Edition - Statistics

General Stats
  • This quiz has been taken 6,823 times
  • The average score is 19 of 20
Answer Stats
% Name a country ... Answer % Correct
100 whose name ends in GUAY Paraguay | Uruguay
100%
99 that has won a FIFA World Cup Argentina | Brazil | England | France | Germany | Italy | Spain | Uruguay
99%
98 whose name begins with J Japan | Jamaica | Jordan
99%
99 that starts with Z Zambia | Zimbabwe
99%
94 with more than 100 million people and in Africa Egypt | Ethiopia | Nigeria
97%
97 with land on the Equator Brazil | Colombia | D.R. Congo | Ecuador | Gabon | Indonesia | Kenya | São Tomé and Príncipe | Somalia | Uganda
96%
92 that uses the Peso Argentina | Chile | Colombia | Cuba | Dominican Republic | Mexico | Philippines | Uruguay
94%
91 with wild tigers Bangladesh | Bhutan | China | India | Indonesia | Laos | Malaysia | Myanmar | Nepal | North Korea | Russia | Thailand | Vietnam
94%
92 that was once part of Yugoslavia Bosnia and Herzegovina | Croatia | Kosovo | North Macedonia | Serbia | Slovenia
94%
91 that has territory within 100 miles of the United States (but doesn't border the U.S.) Bahamas | Cuba | Russia
93%
93 whose currency is the rupee India | Nepal | Pakistan | Mauritius | Seychelles | Sri Lanka
93%
90 completely surrounded by another country Lesotho | San Marino | Vatican City
93%
91 where the temperature has never exceeded 37° Celsius Antigua and Barbuda | Barbados | Denmark | Estonia | Iceland | Ireland | Maldives | Norway | Samoa | Solomon Islands | Singapore
92%
91 whose name starts with a first letter that no other country's name does Oman | Qatar | Yemen
92%
95 that borders Tunisia Algeria | Libya
91%
90 with more annual murders than the United States Brazil | India | Mexico | South Africa | Nigeria | Venezuela
90%
90 that is an island nation in the Mediterranean Sea Cyprus | Malta
90%
89 bordering only China and India Bhutan | Nepal
89%
89 that is an island nation in the Indian Ocean Comoros | Madagascar | Maldives | Mauritius | Seychelles | Sri Lanka
89%
89 with NO snakes Cape Verde | Iceland | Ireland | Kiribati | Marshall Islands | Nauru | New Zealand | Tuvalu | Vatican City
88%
No matching quizzes found
Score Distribution
Percent of People with Each Score
Percentile by Number Answered
Your Score History
You have not taken this quiz